| 000 | 00412nam a22001577a 4500 | ||
|---|---|---|---|
| 999 |
_c15647 _d15647 |
||
| 003 | OSt | ||
| 008 | 190523b ||||| |||| 00| 0 eng d | ||
| 020 | _a9789386194008 | ||
| 082 |
_a628.168 _bASH/AG |
||
| 245 | _aAgricultural Water Pollution and Management | ||
| 260 |
_aNew Delhi _bParadise Press _c2018 |
||
| 300 | _a269 p. | ||
| 700 |
_aAshoka, P. _94134 |
||
| 700 |
_aMeena, Ram Swaroop. _94135 |
||
| 942 | _cBK | ||